<?xml version="1.0" encoding="UTF-8"?><?xml-stylesheet type="text/xsl" href="static/style.xsl"?><OAI-PMH xmlns="http://www.openarchives.org/OAI/2.0/" xmlns:xsi="http://www.w3.org/2001/XMLSchema-instance" xsi:schemaLocation="http://www.openarchives.org/OAI/2.0/ http://www.openarchives.org/OAI/2.0/OAI-PMH.xsd"><responseDate>2026-04-13T02:09:35Z</responseDate><request verb="GetRecord" identifier="oai:www.recercat.cat:2072/486192" metadataPrefix="marc">https://recercat.cat/oai/request</request><GetRecord><record><header><identifier>oai:recercat.cat:2072/486192</identifier><datestamp>2025-10-05T14:23:25Z</datestamp><setSpec>com_2072_98</setSpec><setSpec>col_2072_378192</setSpec></header><metadata><record xmlns="http://www.loc.gov/MARC21/slim" xmlns:dcterms="http://purl.org/dc/terms/" xmlns:xsi="http://www.w3.org/2001/XMLSchema-instance" xmlns:doc="http://www.lyncode.com/xoai" xsi:schemaLocation="http://www.loc.gov/MARC21/slim http://www.loc.gov/standards/marcxml/schema/MARC21slim.xsd">
   <leader>00925njm 22002777a 4500</leader>
   <datafield ind2=" " ind1=" " tag="042">
      <subfield code="a">dc</subfield>
   </datafield>
   <datafield ind2=" " ind1=" " tag="720">
      <subfield code="a">Panchenko, Yury</subfield>
      <subfield code="e">author</subfield>
   </datafield>
   <datafield ind2=" " ind1=" " tag="720">
      <subfield code="a">Barquín Sanmartín, Lourdes</subfield>
      <subfield code="e">author</subfield>
   </datafield>
   <datafield ind2=" " ind1=" " tag="260">
      <subfield code="c">2025</subfield>
   </datafield>
   <datafield ind2=" " ind1=" " tag="520">
      <subfield code="a">This special issue addresses various dimensions of multi- and plurilingualism alongside the pedagogy of teaching grammar in the foreign language classroom. The monograph assembles contributions on positive language transfer from L2 to L3, specifically between Romance languages; effective methodologies for grammar instruction; and a historical investigation of grammar teaching. The articles hold significant relevance for researchers in multilingualism, grammar pedagogy, and the historical development of language instruction, and offer valuable insights that language instructors can apply in their own classrooms.</subfield>
   </datafield>
   <datafield ind2=" " ind1=" " tag="520">
      <subfield code="a">Aquest número especial aborda diverses dimensions del multi- i plurilingüisme juntament amb la pedagogia de l'ensenyament de la gramàtica a l'aula de llengües estrangeres. La monografia aplega contribucions sobre la transferència lingüística positiva de L2 a L3, concretament entre llengües romàniques; metodologies eficaces per a l'ensenyament de la gramàtica; i una investigació històrica sobre l'ensenyament gramatical. Els articles són de gran rellevància per als investigadors en els camps del multilingüisme, la pedagogia gramatical i l'evolució històrica de l'ensenyament de llengües, i ofereixen idees valuoses que els professors de llengües poden aplicar a les seves pròpies aules.</subfield>
   </datafield>
   <datafield ind2=" " ind1=" " tag="520">
      <subfield code="a">Este número especial aborda diversas dimensiones del multi- y plurilingüismo junto con la pedagogía de la enseñanza de la gramática en el aula de lenguas extranjeras. La monografía reúne contribuciones sobre la transferencia lingüística positiva de L2 a L3, concretamente entre lenguas románicas; metodologías eficaces para la enseñanza de la gramática; y una investigación histórica sobre la enseñanza gramatical. Los artículos son de gran relevancia para investigadores en los campos del multilingüismo, la pedagogía gramatical y la evolución histórica de la enseñanza de lenguas, y ofrecen valiosas ideas que los profesores de idiomas pueden aplicar en sus propias aulas.</subfield>
   </datafield>
   <datafield ind2=" " ind1=" " tag="520">
      <subfield code="a">Ce numéro spécial aborde diverses dimensions du multi- et du plurilinguisme ainsi que la pédagogie de l'enseignement de la grammaire dans la classe de langue étrangère. La monographie rassemble des contributions sur le transfert linguistique positif de L2 à L3, en particulier entre les langues romanes ; des méthodologies efficaces pour l'enseignement de la grammaire ; et une étude historique de l'enseignement grammatical. Les articles présentent un intérêt significatif pour les chercheurs dans les domaines du multilinguisme, de la pédagogie grammaticale et de l'évolution historique de l'enseignement des langues, et offrent des idées précieuses que les enseignants de langues peuvent appliquer dans leurs propres classes.</subfield>
   </datafield>
   <datafield tag="653" ind2=" " ind1=" ">
      <subfield code="a">Multilingüisme</subfield>
   </datafield>
   <datafield tag="653" ind2=" " ind1=" ">
      <subfield code="a">Gramàtica</subfield>
   </datafield>
   <datafield tag="653" ind2=" " ind1=" ">
      <subfield code="a">Transferència lingüística</subfield>
   </datafield>
   <datafield tag="653" ind2=" " ind1=" ">
      <subfield code="a">Intercomprensió</subfield>
   </datafield>
   <datafield tag="653" ind2=" " ind1=" ">
      <subfield code="a">Educació lingüística</subfield>
   </datafield>
   <datafield tag="653" ind2=" " ind1=" ">
      <subfield code="a">Multilingualism</subfield>
   </datafield>
   <datafield tag="653" ind2=" " ind1=" ">
      <subfield code="a">Grammar</subfield>
   </datafield>
   <datafield tag="653" ind2=" " ind1=" ">
      <subfield code="a">Language Transfer</subfield>
   </datafield>
   <datafield tag="653" ind2=" " ind1=" ">
      <subfield code="a">Intercomprehension</subfield>
   </datafield>
   <datafield tag="653" ind2=" " ind1=" ">
      <subfield code="a">Language Education</subfield>
   </datafield>
   <datafield tag="653" ind2=" " ind1=" ">
      <subfield code="a">Multilingüismo</subfield>
   </datafield>
   <datafield tag="653" ind2=" " ind1=" ">
      <subfield code="a">Gramática</subfield>
   </datafield>
   <datafield tag="653" ind2=" " ind1=" ">
      <subfield code="a">Transferencia lingüística</subfield>
   </datafield>
   <datafield tag="653" ind2=" " ind1=" ">
      <subfield code="a">Intercomprensión</subfield>
   </datafield>
   <datafield tag="653" ind2=" " ind1=" ">
      <subfield code="a">Educación lingüística</subfield>
   </datafield>
   <datafield tag="653" ind2=" " ind1=" ">
      <subfield code="a">Multilinguisme</subfield>
   </datafield>
   <datafield tag="653" ind2=" " ind1=" ">
      <subfield code="a">Grammaire</subfield>
   </datafield>
   <datafield tag="653" ind2=" " ind1=" ">
      <subfield code="a">Transfert linguistique</subfield>
   </datafield>
   <datafield tag="653" ind2=" " ind1=" ">
      <subfield code="a">Intercompréhension</subfield>
   </datafield>
   <datafield tag="653" ind2=" " ind1=" ">
      <subfield code="a">Éducation linguistique</subfield>
   </datafield>
   <datafield ind2="0" ind1="0" tag="245">
      <subfield code="a">Editors' note : Multilingualism and teaching grammar in the foreign language classroom</subfield>
   </datafield>
</record></metadata></record></GetRecord></OAI-PMH>